| 000 | 00894nam a22002777a 4500 | ||
|---|---|---|---|
| 005 | 20250122172109.0 | ||
| 008 | 250121b |||||||| |||| 00| 0 eng d | ||
| 020 | _a978-1-3503-8012-7 (pbk) | ||
| 037 | _cTB | ||
| 040 |
_aCRL _cCRL |
||
| 041 |
_2eng _aeng |
||
| 084 | _aP111 Q7;R4 | ||
| 100 |
_aKuiper, Koenraad _929049 |
||
| 245 |
_aIntroduction to english language: _bWord, sound and sentence |
||
| 250 | _a5th Ed. | ||
| 260 |
_aLondon, UK: _bBloomsbury Academic, _c2024 |
||
| 300 | _axxvi,366p. | ||
| 365 |
_b28.99 _cUKP |
||
| 650 | _aEnglish language | ||
| 650 | _aLinguistics | ||
| 653 | _aEnglish language | ||
| 653 | _aLinguistics | ||
| 700 |
_aAllan, W. Scott (Author) _9734779 |
||
| 942 |
_2CC _cTB _hP111 Q7;R4 _n0 |
||
| 999 |
_c1238225 _d1238225 |
||